[Event "Henderson Trusts op-A 44th"]
[Site "Henderson"]
[Date "2022.06.04"]
[Round "2"]
[White "Wang, Daniel3333"]
[Black "Langford, Josh"]
[Result "1/2-1/2"]
[WhiteElo "1648"]
[BlackElo "1782"]
[PlyCount "89"]
[EventDate "2022.06.04"]
[EventType "swiss"]
[EventRounds "6"]
[EventCountry "NZL"]
[SourceTitle "EXT 2024"]
[Source "ChessBase"]
[SourceDate "2023.10.10"]
[SourceVersion "1"]
[SourceVersionDate "2023.10.10"]
[SourceQuality "1"]

1. d4 Nf6 2. c4 e6 3. Nf3 d5 4. g3 Bd6 5. Bg2 0-0 6. Qc2 Nc6 7. Bg5 h6 8. Bxf6 Qxf6 9. 0-0 dxc4 10. Qxc4 e5 11. Nc3 Bf5 12. dxe5 Nxe5 13. Nxe5 Qxe5 14. Rad1 c6 15. e3 Rad8 16. Qa4 a6 17. Rd2 Be7 18. Rfd1 Qc7 19. Ne2 Rxd2 20. Rxd2 Rd8 21. Qd1 Be6 22. a3 Kf8 23. Nd4 Bd5 24. e4 Be6 25. Nxe6+ fxe6 26. Bh3 Rxd2 27. Qxd2 Kf7 28. Qe2 Qe5 29. Qc4 c5 30. Kg2 b5 31. Qe2 Bf6 32. b3 Qd4 33. Qf3 c4 34. bxc4 bxc4 35. Qe2 c3 36. f4 Qc5 37. Qd3 Bd4 38. Qxa6 c2 39. Qxe6+ Kf8 40. e5 c1Q 41. Qf5+ Ke8 42. Qd7+ Kf8 43. Qf5+ Ke8 44. Qd7+ Kf8 45. Qf5+ 1/2-1/2

[Event "Wellington op"]
[Site "Wellington"]
[Date "2022.04.15"]
[Round "2"]
[White "Langford, Josh"]
[Black "Cilia Vincenti, David"]
[Result "1-0"]
[WhiteElo "1666"]
[BlackElo "2031"]
[PlyCount "49"]
[EventDate "2022.04.15"]
[EventType "swiss"]
[EventRounds "6"]
[EventCountry "NZL"]
[SourceTitle "EXT 2024"]
[Source "ChessBase"]
[SourceDate "2023.10.10"]
[SourceVersion "1"]
[SourceVersionDate "2023.10.10"]
[SourceQuality "1"]

1. e4 c6 2. d4 d5 3. e5 c5 4. Nf3 cxd4 5. Nxd4 Nc6 6. Nxc6 bxc6 7. Bd3 e6 8. Nd2 a5 9. 0-0 Ne7 10. c4 Ng6 11. Nf3 Ba6 12. Qc2 Qd7 13. h4 Be7 14. g3 dxc4 15. Be4 Rd8 16. h5 Nf8 17. Be3 c5 18. Rfd1 Qb5 19. Rxd8+ Kxd8 20. Rd1+ Kc8 21. Ng5 Bxg5 22. Bxg5 Nd7 23. Qd2 Nxe5 24. Qd6 Nd3 25. a4 1-0

[Event "NZL-ch Rapid 129th"]
[Site "Christchurch"]
[Date "2022.01.12"]
[Round "9"]
[White "Langford, Josh"]
[Black "Ker, Anthony F"]
[Result "0-1"]
[WhiteElo "1637"]
[BlackElo "2303"]
[PlyCount "134"]
[EventDate "2022.01.11"]
[EventType "swiss (rapid)"]
[EventRounds "9"]
[EventCountry "NZL"]
[SourceTitle "CBM 206 Extra"]
[Source "ChessBase"]
[SourceDate "2022.03.31"]
[SourceVersion "1"]
[SourceVersionDate "2022.03.31"]
[SourceQuality "1"]

1. e4 c5 2. Nf3 Nc6 3. d4 cxd4 4. Nxd4 g6 5. c4 Nf6 6. Nc3 d6 7. Be2 Nxd4 8. Qxd4 Bg7 9. 0-0 0-0 10. Qd3 Be6 11. Be3 Nd7 12. f4 f5 13. Bf3 Nc5 14. Qe2 fxe4 15. Nxe4 Nxe4 16. Bxe4 Qc7 17. Rac1 Rac8 18. h4 Qa5 19. b3 b6 20. Bf3 Bf7 21. Kf2 Rce8 22. Bc6 Rc8 23. Bf3 e5 24. Rcd1 Rcd8 25. h5 gxh5 26. f5 Kh8 27. Bxh5 Bxh5 28. Qxh5 Rxf5+ 29. Qxf5 Rf8 30. Qxf8+ Bxf8 31. Kg1 Kg8 32. Rf2 Qc3 33. Bd2 Qd4 34. Rdf1 Be7 35. Bh6 d5 36. g3 dxc4 37. Kh2 Qd6 38. Bc1 c3 39. Rf3 c2 40. Rc3 Qd1 41. Rcf3 e4 42. Rf5 e3 43. Bxe3 Qe2+ 44. R1f2 Qxe3 45. Rxc2 Bd6 46. Rg2 Kg7 47. Rd5 Qe6 48. Rgd2 Bb4 49. Rd7+ Kg6 50. R2d4 Qe2+ 51. Kh3 Bc5 52. Rg4+ Kf5 53. Rf4+ Ke6 54. Rxh7 Qxa2 55. Rhf7 a5 56. R7f6+ Kd5 57. R6f5+ Kc6 58. g4 Qxb3+ 59. Kh4 a4 60. g5 a3 61. Rf3 Qc4+ 62. R5f4 Qc2 63. Rf6+ Kb5 64. Rf1 a2 65. g6 Be7 66. g7 Bxf6+ 67. Rxf6 Qh7+ 0-1